Countries that Beat Vietnam - Statistics

General Stats
  • This quiz has been taken 284 times
  • The average score is 9 of 15
Answer Stats
Rank Category Countries % Correct
3 Home to the river delta of the longestriver in Asia China | Russia
90%
2 Highest coffee production [1] Brazil
88%
4 Whose flag has the highest % of red Morocco | China | Turkey
88%
9 Largest country to be completely colonised by France Algeria | Chad | Niger | Mali | Mauritania |Central African Rep. | Madagascar | Rep. of the Congo
81%
3 Least populous one-party Communist state Laos | Cuba
80%
3 Currently occupies the largest island in the South China Sea's "Spratly Islands" Taiwan | Philippines
71%
10 Highest % of the employment in agriculture in Asia Nepal | Afghanistan | Laos | Bhutan | Tajikistan | Myanmar | Yemen | India | Pakistan
70%
3 Most recent still-standing reunification Germany | Yemen
65%
7 Abolished monarchy most recently in Asia * excluding Commonwealth monarchy Iran | Laos | Afghanistan | Maldives | Yemen | Iraq
58%
3 Least valuable currency [3] Venezuela | Iran
54%
3 Has the most spoken official language thatis official in only one country Japan | Bangladesh
51%
5 Highest trade to GDP ratio [2] Luxembourg | Singapore | Malta | Ireland
42%
2 Most French speakers in Asia Lebanon
30%
9 Highest real GDP growth rate [3] Guyana | Ethiopia | Guinea | Tajikistan | Bangladesh |Egypt | Myanmar | Taiwan
26%
6 Fastest growing tourism destination [4] Myanmar | Iran | Uzbekistan | Montenegro | Egypt
26%
No matching quizzes found
Score Distribution
Percent of People with Each Score
Percentile by Number Answered
Your Score History
You have not taken this quiz